000 01003nam a2200241Ii 4500
003 JO-AjNU
008 230605s9999||||xx |||||||||||||| ||und||
017 _a2011/10/2918
020 _a978-9957-417-35-2
040 _aJO-AjNU
_bara
_erda
_cJO-AjNU
041 _aara
050 1 4 _aHC415 2012
100 3 _aمنتدى الفكر العربي؛ اشراف همام غصيب؛ تحرير سمير ابو عجوة؛ اخراج فني ناصر الجرارعة,
_eauthor
_949906
245 0 0 _aالأزمة الإقتصادية العالمية وتداعياتها في الوطن العربي
250 _aط1
264 3 1 _aعمان: دار ورد الأردنية للنشر والتوزيع، 2012
300 _a108ص
336 _atext
_btxt
_2rdacontent
337 _aunmediated
_bn
_2rdamedia
338 _avolume
_bnc
_2rdacarrier
490 0 _aسلسلة الحورات العربية 2009/3
650 4 _aالازمة الاقتصادية العالمية - الوطن العربي
_949907
999 _aA21950
_c25518
_d25518